Kouzelný vlak : drobné prózy /

Hlavní autor: Šamla, Jiří, 1913-1994
Jazyk: Čeština
Vydáno: V Brně : Jíchovo nakladatelství, 1944
Vydání: Vydání první
Externí odkaz: Digitalizovaný dokument
Fyzický popis: 101 - [IV] s. ; 8°
Knihy
Uloženo v:
LEADER 00961nam a22002292 4500
001 000722540
003 CZ BrMZK
005 20040715132835.0
007 ta
008 040621s1944 xr e cze
015 |a cnb000764176 
040 |a ABA001  |b cze  |c ULG001  |d ABA001  |d BOA001 
100 1 |a Šamla, Jiří,  |d 1913-1994  |7 jk01122476  |4 aut 
245 1 0 |a Kouzelný vlak :  |b drobné prózy /  |c Jiří Vítězslav Šamla ; [Obálka a kresby: František Malý] 
250 |a Vydání první 
260 |a V Brně :  |b Jíchovo nakladatelství,  |c 1944  |f (Typus) 
300 |a 101 - [IV] s. ;  |c 8° 
856 4 1 |u http://www.digitalniknihovna.cz/mzk/uuid/uuid:9ac963f0-d43d-11e3-b110-005056827e51  |y Digitalizovaný dokument  |x NDK 
910 |a BOA001  |b 1-0176.635 
990 |a BK 
996 7 |b 2619209533  |c 1-0176.635  |l MZK  |r Sklad / do 1 hodiny  |n 3  |w 000722540  |u 000010  |a 1  |e BOA001  |j MZK50  |s A 
996 6 |b 2619212368  |c 1-0176.635  |l MZK  |r Sklad / do 1 hodiny  |n 0  |w 000722540  |u 000020  |a 1  |e BOA001  |j MZK50  |s P